| 000 | 00809nam a2200277Ia 4500 | ||
|---|---|---|---|
| 003 | OSt | ||
| 005 | 20220926014038.0 | ||
| 006 | a|||||r|||| 00| 0 | ||
| 007 | ta | ||
| 008 | 220923b |||||||| |||| 00| 0 eng d | ||
| 020 | _a0321031016 | ||
| 037 | _cGeneral Book | ||
| 040 |
_aRTL _cRTL _beng |
||
| 041 |
_2eng _aeng |
||
| 082 | _aU475, N9 | ||
| 100 |
_aJordan Bychkov Terry G _9319614 |
||
| 245 | 0 |
_aThe Human mosaic _b Athematic introduction to cultural geography |
|
| 250 | _a8th | ||
| 260 |
_aNew York _bLongman _c1999 |
||
| 300 |
_axxv, 564p. _ccm. |
||
| 500 | _aBibliography: P 524-26; Glossary: P 527-39 | ||
| 650 | _aGeography | ||
| 700 |
_a Domosh Mona _9319615 |
||
| 942 |
_hU475, N9 _cGB _2CC |
||
| 999 |
_c627629 _d627629 |
||